| 000 | 00899nam a2200181 i 4500 | ||
|---|---|---|---|
| 001 | 132443 | ||
| 003 | ES-MaACL | ||
| 005 | 20230906194159.0 | ||
| 007 | t| | ||
| 008 | 070214s1907 sp r ||||1| spa d | ||
| 100 | 1 |
_aRomero Landa, Gabriel Arturo. _999401 |
|
| 245 | 1 | 3 |
_aEl cronista del porvenir : _bartículos publicados por "La Almudaina" de Palma de Mallorca en honor del Ilmo. Sr. D. Domingo Gascón y Guimbao, cronista de la provincia de Teruel, y reproducidos con datos biográficos y bibliográficos del mismo, a expensas de la Colonia aragonesa en Baleares / _cGabriel A. Romero Landa. |
| 260 |
_aPalma de Mallorca : _b[s. n.], _c1907 ( _fTipo-Litografía de Amengual y Muntaner) |
||
| 300 |
_a200 p. : _bil. ; _c22 cm. |
||
| 599 | _aCon retr. de Domingo Gascón. | ||
| 600 | 1 | 4 |
_aGascón y Guimbao, Domingo. _955865 |
| 852 |
_aES-MaACL _jT-1172-F-3 _z- Dedicatoria autógrafa del autor |
||
| 999 |
_c132443 _d132443 |
||